Physics- Vol-I / (Record no. 196)

000 -LEADER
fixed length control field 00568nam a2200193Ia 4500
008 - FIXED-LENGTH DATA ELEMENTS--GENERAL INFORMATION
fixed length control field 190805s9999||||xx |||||||||||||| ||und||
020 ## - INTERNATIONAL STANDARD BOOK NUMBER
International Standard Book Number 9788126510887
Terms of availability Rs. 759.00
082 04 - DEWEY DECIMAL CLASSIFICATION NUMBER
Classification number 530
Item number R3121 V.1
100 1# - MAIN ENTRY--PERSONAL NAME
Personal name Halliday, David
245 10 - TITLE STATEMENT
Title Physics- Vol-I /
250 ## - EDITION STATEMENT
Edition statement 5th ed.
260 ## - PUBLICATION, DISTRIBUTION, ETC. (IMPRINT)
Place of publication, distribution, etc New Delhi :
Name of publisher, distributor, etc Wiley India Pvt. Ltd,
Date of publication, distribution, etc 2016
300 ## - PHYSICAL DESCRIPTION
Extent ix, 1198 p.
Other physical details : ill.
Dimensions ; 28 cm.
650 #0 - SUBJECT ADDED ENTRY--TOPICAL TERM
Topical term or geographic name as entry element Physics
700 1# - ADDED ENTRY--PERSONAL NAME
Personal name Krane, Kenneth S.
700 1# - ADDED ENTRY--PERSONAL NAME
Personal name Resnick, Rober
852 ## - LOCATION/CALL NUMBER
Location
942 ## - ADDED ENTRY ELEMENTS (KOHA)
Item type Books
Holdings
Withdrawn status Lost status Damaged status Not for loan Collection code Permanent location Current location Shelving location Date acquired Source of acquisition Cost, normal purchase price Total Checkouts Total Renewals Full call number Barcode Date last seen Date last borrowed Koha item type Public note Source of classification or shelving scheme
        Physics IMU Kochi Library IMU Kochi Library General Stacks 2017-06-30 Educational Supplies 759.00 1 2 530 R3121 V.1 BK003738 2024-11-04 2024-09-19 Books Gen. Shelf-9, Row-4  
        Physics IMU Kochi Library IMU Kochi Library General Stacks 2017-06-30 Educational Supplies 759.00 1 1 530 R3121 V.1 BK003739 2024-12-06 2024-11-04 Books Gen. Shelf-9, Row-4  
        Physics IMU Kochi Library IMU Kochi Library General Stacks 2017-06-30 Educational Supplies 759.00 1   530 R3121 V.1 BK003737 2024-12-19 2024-12-04 Books Gen. Shelf-9, Row-4  
        Physics IMU Kochi Library IMU Kochi Library General Stacks 2012-11-02 M/S Sterling Book House (Inv. No. 1539 Dt 2012-11-10) 569.00 3   530 R3121 V.1 BK000502 2024-12-20 2024-12-13 Books Gen. Shelf-9, Row-4  


Copyright © All Rights Reserved by Indian Maritime University, Kochi Campus.
For any Suggestions/Query Contact to library or Email: library.kochi@imu.ac.in Ph:(0484)-2989402
(Web OPAC Designed by Rudra Ranjan. Maintained by IMU Kochi Library)

Powered by Koha